| 000 | 00423nam a2200169Ia 4500 | ||
|---|---|---|---|
| 003 | IT-RoPAU | ||
| 008 | 120407s9999 xx 000 0 und d | ||
| 040 | _aIT-RoPAU | ||
| 040 | _cIT-RoPAU | ||
| 100 | _aCaterina Ostinelli | ||
| 245 | _aAlle origini del popolo d'Israele (Genesi 12-50) | ||
| 260 | _aSan Paolo Edizioni | ||
| 300 | _c cm | ||
| 490 | _v1 | ||
| 600 | _aCollana La Bibbia nelle nostre mani | ||
| 942 | _cBK | ||
| 999 |
_c10560 _d10560 |
||